all 4k movies - Statistics

General Stats
  • This quiz has been taken 4 times
  • The average score is 318 of 500
Answer Stats
Hint Answer % Correct
2025 28 Years Later
100%
1992 Aladdin
100%
1979 Alien
100%
2017 Alien Covenant
100%
1986 Aliens
100%
2000 American Psycho
100%
2016 Arrival
100%
2009 Avatar
100%
2022 Avatar The Way Of Water
100%
2015 Avengers Age Of Ultron
100%
2019 Avengers Endgame
100%
2018 Avengers Infinity War
100%
1985 Back To The Future
100%
2023 Barbie
100%
1989 Batman
100%
2005 Batman Begins
100%
1995 Batman Forever
100%
1992 Batman Returns
100%
2018 Black Panther
100%
2022 Black Panther Wakanda Forever
100%
2025 Black Phone 2
100%
2021 Black Widow
100%
1998 Blade
100%
1982 Blade Runner
100%
2017 Blade Runner 2049
100%
2016 Captain America Civil War
100%
2011 Captain America The First Avenger
100%
2006 Casino Royale
100%
1988 Childs Play
100%
1941 Citizen Kane
100%
2014 Dawn Of The Planet Of The Apes
100%
2016 Deadpool
100%
2018 Deadpool 2
100%
2024 Deadpool & Wolverine
100%
2010 Despicable Me
100%
2013 Despicable Me 2
100%
2017 Despicable Me 3
100%
1988 Die Hard
100%
2019 Doctor Sleep
100%
2022 Doctor Strange In The Multiverse Of Madness
100%
1931 Dracula
100%
1962 Dr. No
100%
2021 Dune
100%
2024 Dune Part Two
100%
2017 Dunkirk
100%
2003 Elf
100%
2016 Finding Dory
100%
2003 Finding Nemo
100%
2023 Five Nights At Freddy's
100%
2019 Ford v Ferrari
100%
1931 Frankenstein
100%
2000 Gladiator
100%
1954 | 2014 Godzilla
100%
2023 Godzilla Minus One
100%
1964 Goldfinger
100%
1984 Gremlins
100%
2014 Guardians Of The Galaxy
100%
2017 Guardians Of The Galaxy Vol 2
100%
2023 Guardians Of The Galaxy Vol 3
100%
2002 Harry Potter& The Chamber Of Secrets
100%
2010 Harry Potter & The Deathly Hallows Part 1
100%
2011 Harry Potter & The Deathly Hallows Part 2
100%
2005 Harry Potter & The Goblet Of Fire
100%
2009 Harry Potter & The Half Blood Prince
100%
2007 Harry Potter & The Order Of The Phoenix
100%
2004 Harry Potter & The Prisoner Of Azkaban
100%
2001 Harry Potter & The Sorcerers Stone
100%
2010 | 2025 How To Train Your Dragon
100%
2014 How To Train Your Dragon 2
100%
2019 How To Train Your Dragon The Hidden World
100%
2003 Hulk
100%
2010 Inception
100%
1996 Independence Day
100%
1989 Indiana Jones & The Last Crusade
100%
1984 Indiana Jones & The Temple Of Doom
100%
2015 Inside Out
100%
2024 Inside Out 2
100%
2014 Interstellar
100%
2008 Iron Man
100%
2010 Iron Man 2
100%
2013 Iron Man 3
100%
2017 It
100%
1946 Its a Wonderful Life
100%
2014 John Wick
100%
2017 John Wick Chapter 2
100%
2019 John Wick Chapter 3
100%
2023 John Wick Chapter 4
100%
2019 Joker
100%
1993 Jurassic Park
100%
2015 Jurassic World
100%
2022 Jurassic World Dominion
100%
2018 Jurassic World Fallen Kingdom
100%
2025 Jurassic World Rebirth
100%
2003 Kill Bill Vol 1
100%
2004 Kill Bill Vol 2
100%
2024 Kingdom Of The Planet Of The Apes
100%
2017 Logan
100%
1996 Mission Impossible
100%
2000 Mission Impossible 2
100%
2006 Mission Impossible 3
100%
2023 Mission Impossible Dead Reckoning
100%
2018 Mission Impossible Fallout
100%
2011 Mission Impossible Ghost Protocol
100%
2015 Mission Impossible Rogue Nation
100%
2025 Mission Impossible The Final Reckoning
100%
2001 Monsters Inc
100%
2013 Monsters University
100%
2007 No Country For Old Men
100%
2024 Nosferatu
100%
2013 Oblivion
100%
2019 Once Upon a Time In Hollywood
100%
2023 Oppenheimer
100%
2007 Pirates Of The Caribbean At Worlds End
100%
2003 Pirates Of The Caribbean Curse Of The Black Pearl
100%
2006 Pirates Of The Caribbean Dead Mans Chest
100%
2011 Pirates Of The Caribbean On Stranger Tides
100%
1960 Psycho
100%
1994 Pulp Fiction
100%
2008 Quantum Of Solace
100%
1981 Raiders Of The Lost Ark
100%
2007 Ratatouille
100%
1983 Return Of The Jedi
100%
2011 Rise Of The Planet Of The Apes
100%
2016 Shin Godzilla
100%
2001 Shrek
100%
2004 Shrek 2
100%
2010 Shrek Forever After
100%
2007 Shrek The Third
100%
2012 Skyfall
100%
2022 Smile
100%
2018 Solo a Star Wars Story
100%
2020 Sonic The Hedgehog
100%
2022 Sonic The Hedgehog 2
100%
2024 Sonic The Hedgehog 3
100%
2015 Spectre
100%
2002 Spider-Man
100%
2004 Spider-Man 2
100%
2007 Spider-Man 3
100%
2023 Spider-Man Across The Spider-Verse
100%
2019 Spider-Man Far From Home
100%
2017 Spider-Man Homecoming
100%
2018 Spider-Man Into The Spider-Verse
100%
2021 Spider-Man No Way Home
100%
1977 Star Wars
100%
2015 Star Wars The Force Awakens
100%
2017 Star Wars The Last Jedi
100%
2019 Star Wars The Rise Of Skywalker
100%
2016 Suicide Squad
100%
1978 | 2025 Superman
100%
1991 Terminator 2
100%
1989 The Abyss
100%
2012 The Amazing Spider-Man
100%
2014 The Amazing Spider-Man 2
100%
2012 The Avengers
100%
2022 The Batman
100%
2021 The Black Phone
100%
1980 The Empire Strikes Back
100%
2025 The Fantastic Four First Steps
100%
2001 The Fast & The Furious
100%
2012 The Hobbit An Unexpected Journey
100%
2013 The Hobbit The Desolation Of Smaug
100%
2012 The Hunger Games
100%
2013 The Hunger Games Catching Fire
100%
2014 The Hunger Games Mockingjay Part 1
100%
2015 The Hunger Games Mockingjay Part 2
100%
2008 The Incredible Hulk
100%
2019 The Lion King
100%
2001 The Lord Of The Rings The Fellowship Of The Ring
100%
2003 The Lord Of The Rings The Return Of The King
100%
1999 The Matrix
100%
2003 The Matrix Revolutions
100%
1932 | 1999 The Mummy
100%
2001 The Mummy Returns
100%
2015 The Revenant
100%
1980 The Shining
100%
1999 The Sixth Sense
100%
2021 The Suicide Squad
100%
2023 The Super Mario Bros Movie
100%
1984 The Terminator
100%
1953 The War Of The Worlds
100%
2011 Thor
100%
2022 Thor Love & Thunder
100%
2017 Thor Ragnarok
100%
2013 Thor The Dark World
100%
1986 Top Gun
100%
2022 Top Gun Maverick
100%
1995 Toy Story
100%
1999 Toy Story 2
100%
2010 Toy Story 3
100%
2019 Toy Story 4
100%
2009 Up
100%
2008 WALL-E
100%
2017 War For The Planet Of The Apes
100%
2005 War Of The Worlds
100%
2025 Weapons
100%
2017 Wonder Woman
100%
2022 X
100%
2003 X2
100%
2000 X-Men
100%
2014 X-Men Days Of Future Past
100%
2011 X-Men First Class
100%
2006 X-Men The Last Stand
100%
1957 12 Angry Men
50%
1995 12 Monkeys
50%
2019 1917
50%
1968 2001 a Space Odyssey
50%
2003 2 Fast 2 Furious
50%
2002 8 Mile
50%
1971 a Clockwork Orange
50%
1964 a Fistful Of Dollars
50%
2024 Alien Romulus
50%
2025 a Minecraft Movie
50%
2017 Anabelle Creation
50%
1981 An American Werewolf In London
50%
1984 a Nightmare On Elm Street
50%
1985 a Nightmare On Elm Street 2
50%
1987 a Nightmare On Elm Street 3
50%
1988 a Nightmare On Elm Street 4
50%
1989 a Nightmare On Elm Street 5
50%
2015 Ant-Man
50%
2018 Ant-Man & The Wasp
50%
1979 Apocalypse Now
50%
1995 Apollo 13
50%
2018 Aquaman
50%
1992 Army Of Darkness
50%
1990 Back To The Future Part 3
50%
1995 Bad Boys
50%
2003 Bad Boys 2
50%
2020 Bad Boys For Life
50%
2024 Bad Boys Ride Or Die
50%
2025 Ballerina
50%
2016 Batman v Superman
50%
1988 Beetlejuice
50%
2024 Beetlejuice Beetlejuice
50%
1984 Beverly Hills Cop
50%
2022 Black Adam
50%
1974 Black Christmas
50%
1992 Bram Stokers Dracula
50%
1998 Bride Of Chucky
50%
1935 Bride Of Frankenstein
50%
1992 | 2021 Candyman
50%
2025 Captain America Brave New World
50%
2014 Captain America The Winter Soldier
50%
2006 Cars
50%
1990 Childs Play 2
50%
1991 Childs Play 3
50%
2008 Cloverfield
50%
2017 Coco
50%
2019 Crawl
50%
1954 Creature From The Black Lagoon
50%
2017 Cult Of Chucky
50%
2013 Curse Of Chucky
50%
1978 | 2004 Dawn Of The Dead
50%
1999 Deep Blue Sea
50%
2024 Despicable Me 4
50%
2014 Edge Of Tomorrow
50%
1981 Escape From New York
50%
1982 E.T
50%
2013 Evil Dead
50%
1987 Evil Dead 2
50%
2023 Evil Dead Rise
50%
2015 Ex Machina
50%
2025 F1
50%
2021 F9
50%
2011 Fast Five
50%
2009 Fast & Furious
50%
2013 Fast & Furious 6
50%
2025 Final Destination Bloodlines
50%
1965 For a Few Dollars More
50%
1991 Freddy's Dead The Final Nightmare
50%
1980 | 2009 Friday The 13th
50%
1981 Friday The 13th Part 2
50%
1963 From Russia With Love
50%
1987 Full Metal Jacket
50%
2015 Furious 7
50%
2017 Get Out
50%
1984 Ghostbusters
50%
1989 Ghostbusters 2
50%
2021 Ghostbusters Afterlife
50%
2019 Godzilla King Of The Monsters
50%
2024 Godzilla x Kong The New Empire
50%
2013 Gravity
50%
2016 Hacksaw Ridge
50%
1978 | 2018 Halloween
50%
1981 Halloween 2
50%
1982 Halloween 3
50%
1988 Halloween 4
50%
1989 Halloween 5
50%
2022 Halloween Ends
50%
1998 Halloween H20
50%
2002 Halloween Resurrection
50%
1995 Halloween The Curse Of Michael Myers
50%
2004 Hellboy
50%
2019 Hobbs & Shaw
50%
1990 Home Alone
50%
1997 I Know What You Did Last Summer
50%
2018 Incredibles 2
50%
2008 Indiana Jones & The Kingdom Of The Crystal Skull
50%
2019 It Chapter Two
50%
1993 Jason Goes To Hell The Final Friday
50%
2001 Jason X
50%
1975 Jaws
50%
2019 Jumanji The Next Level
50%
2017 Jumanji Welcome To The Jungle
50%
2001 Jurassic Park 3
50%
2005 King Kong
50%
2019 Knives Out
50%
2017 Kong Skull Island
50%
2008 Kung Fu Panda
50%
2011 Kung Fu Panda 2
50%
1987 Lethal Weapon
50%
2005 Madagascar
50%
2015 Mad Max Fury Road
50%
2013 Man Of Steel
50%
2023 Meg 2 The Trench
50%
2019 Midsommar
50%
2021 Nobody
50%
2025 Nobody 2
50%
2022 Nope
50%
2021 No Time To Die
50%
2013 Pacific Rim
50%
2019 Parasite
50%
2017 Pirates Of The Caribbean Dead Man Tell No Tale
50%
1991 Point Break
50%
1987 Predator
50%
1990 Predator 2
50%
2022 Prey
50%
2012 Prometheus
50%
2018 Rampage
50%
2000 Requiem For a Dream
50%
2016 Rogue One a Star Wars Story
50%
1998 Saving Private Ryan
50%
2004 Saw
50%
2005 Saw 2
50%
2006 Saw 3
50%
2007 Saw 4
50%
2023 Saw X
50%
1993 Schindler's List
50%
1996 Scream
50%
1997 Scream 2
50%
2000 Scream 3
50%
2022 Scream 5
50%
2023 Scream 6
50%
2004 Seed Of Chucky
50%
2021 Shang-Chi & The Legend Of The Ten Rings
50%
2010 Shutter Island
50%
2025 Sinners
50%
2021 Spiral
50%
1979 | 2009 Star Trek
50%
2013 Star Trek Into Darkness
50%
2002 Star Wars Attack Of The Clones
50%
2005 Star Wars Revenge Of The Sith
50%
1999 Star Wars The Phantom Menace
50%
1980 Superman 2
50%
2006 Superman Returns
50%
2023 Talk To Me
50%
2020 Tenet
50%
2016 Terrifier
50%
2022 Terrifier 2
50%
2024 Terrifier 3
50%
2022 The Bad Guys
50%
1963 The Birds
50%
2011 The Cabin In The Woods
50%
2013 The Conjuring
50%
2016 The Conjuring 2
50%
2021 The Conjuring 3 The Devil Made Me Do It
50%
2025 The Conjuring Last Rites
50%
2008 The Dark Knight
50%
2012 The Dark Knight Rises
50%
2014 The Equalizer
50%
2018 The Equalizer 2
50%
2023 The Equalizer 3
50%
1981 The Evil Dead
50%
1973 The Exorcist
50%
2010 The Expendables
50%
2012 The Expendables 2
50%
2014 The Expendables 3
50%
2006 The Fast & The Furious Tokyo Drift
50%
2017 The Fate Of The Furious
50%
1972 The Godfather
50%
1974 The Godfather Part 2
50%
1966 The Good The Bad & The Ugly
50%
1999 The Green Mile
50%
2004 The Incredibles
50%
1933 | 2020 The Invisible Man
50%
2014 The Lego Movie
50%
2002 The Lord Of The Rings The Two Towers
50%
1987 The Lost Boys
50%
1997 The Lost World Jurassic Park
50%
2015 The Martian
50%
2003 The Matrix Reloaded
50%
2018 The Meg
50%
2022 The Northman
50%
2018 The Predator
50%
1985 The Return Of The Living Dead
50%
2007 There Will Be Blood
50%
1994 The Shawshank Redemption
50%
1991 The Silence Of The Lambs
50%
2024 The Wild Robot
50%
2015 The Witch
50%
1941 The Wolf Man
50%
2013 The Wolf Of Wall Street
50%
1965 Thunderball
50%
2025 Thunderbolts
50%
2001 Training Day
50%
2007 Transformers
50%
2014 Transformers Age Of Extinction
50%
2011 Transformers Dark Of The Moon
50%
2024 Transformers One
50%
2009 Transformers Revenge Of The Fallen
50%
1994 True Lies
50%
2024 Twisters
50%
2019 Us
50%
2018 Venom
50%
2021 Venom Let There Be Carnage
50%
2024 Venom The Last Dance
50%
1994 Wes Cravens New Nightmare
50%
2014 Whiplash
50%
2016 Zootopia
50%
2009 2012
0%
2021 2Halloween Kills
0%
2006 300
0%
1997 Air Force One
0%
1980 Airplane
0%
2020 a Quiet Place Part 2
0%
2017 Baby Driver
0%
1989 Back To he Future Part 2
0%
2014 Big Hero 6
0%
1995 Braveheart
0%
2019 Brightburn
0%
1976 Carrie
0%
2002 Catch Me If You Can
0%
1977 Close Encounters Of The Third Kind
0%
2005 Constantine
0%
2019 Detective Pikachu
0%
1971 Dirty Harry
0%
2001 Donnie Darko
0%
1973 Enter The Dragon
0%
1982 First Blood
0%
1995 Heat
0%
2007 Hot Fuzz
0%
2007 I Am Legend
0%
2009 Inglorious Basterds
0%
1997 Men In Black
0%
2002 Men In Black 2
0%
2012 Men In Black 3
0%
2022 Minions The Rise Of Gru
0%
1990 Misery
0%
2021 Mortal Kombat
0%
1968 Night Of The Living Dead
0%
2013 Now You See Mee
0%
1982 Poltergeist
0%
2022 Puss In Boots The Last Wish
0%
2008 Rambo
0%
1985 Rambo First Blood Part 2
0%
2019 Rambo Last Blood
0%
1987 | 2014 Robocop
0%
1976 Rocky
0%
1979 Rocky 2
0%
1982 Rocky 3
0%
1985 Rocky 4
0%
1990 Rocky 5
0%
2006 Rocky Balboa
0%
1968 Rosemary's Baby
0%
1995 Seven
0%
2004 Shaun Of The Dead
0%
1997 Starship Troopers
0%
1982 Star Trek 2
0%
1984 Star Trek 3
0%
2012 Ted
0%
2023 Thanksgiving
0%
2023 The Creator
0%
1981 The Howling
0%
2017 The Lego Batman Movie
0%
1994 The Mask
0%
1988 The Naked Gun
0%
2018 The Nun
0%
2010 The Social Network
0%
1974 | 2003 The Texas Chainsaw Massacre
0%
1998 The Truman Show
0%
1988 They Live
0%
1990 Tremors
0%
2025 Tron Ares
0%
2022 Uncharted
0%
2004 Van Helsing
0%
2016 Warcraft
0%
2013 World War Z
0%
1967 You Only Live Twice
0%
No matching quizzes found
Score Distribution
Percent of People with Each Score
Percentile by Number Answered
Your Score History
You have not taken this quiz